Geografía de la república argentina /
Guardado en:
| Autor Principal: | |
|---|---|
| Formato: | Libro |
| Publicado: |
Buenos Aires :
Kapelusz,
1992
|
| Materias: | |
| Etiquetas: |
Agregar Etiqueta
Sin Etiquetas, Sea el primero en etiquetar este registro!
|
| LEADER | 00933nam a22002055a 4500 | ||
|---|---|---|---|
| 001 | CEM.cems017695 | ||
| 005 | 20110913114457.0 | ||
| 008 | 130507s1992##################000#0#####d | ||
| 003 | CEMS | ||
| 020 | |a 9501325059 | ||
| 082 | 0 | 4 | |a 918.2 |
| 100 | 1 | |a Quarleri, Paulina | |
| 245 | 1 | 0 | |a Geografía de la república argentina / |c Paulina Quarleri |
| 260 | |a Buenos Aires : |b Kapelusz, |c 1992 | ||
| 300 | |a 219 p. | ||
| 505 | 0 | |a Posición geográfica -- Extensión y límites -- Breve descripción de las fronteras argentinas -- Estructura del territorio argentino -- Hidrología -- Mares y costas -- Geografía física -- Hidrología -- Pendientes hidrogróficas interiores -- Biomas -- División política -- Población -- Religión - Raza -- Regiones geográficas -- | |
| 653 | |a Argentina-geografía | ||
| 653 | |a Geografía argentina | ||
| 653 | |a Argentina-regiones geográficas | ||
| 859 | |a CEMS |b BIB. CEMS - Agricultura |h 918.2 |i Q27 |p A1454.11 |t Ej.1 | ||
